=LDR 00000nam 2200000 4500 =001 INLIS000000000026138 =005 20130612124609 =008 ***********************************Ind** =035 ##$$0010-061300000026138 =041 ##$$a Ind =082 ##$$a 617.7 =090 ##$$a 617.7, Elk p =100 ##$$a Elkington =245 ##$$a Petunjuk penting, Kelainan mata, Elkington =260 ##$$a 1995 $b Jakarta =300 ##$$a 61 hlm, ilus, 29 cm =650 ##$$a Mata - Penyakit dan klamin =850 ##$$a NBPNMAT